El plan Puebla-Panamá: una perspectiva del desarrollo regional en el contexto de los procesos de la economía mundial /

Se estudian los esquemas emergentes de política de desarrollo regional en México. El referente en este caso es el Plan Puebla-Panamá (PPP) que se considera una iniciativa para el desarrollo del Sur-Sureste de México y de articulación con las naciones centroamericanas. En la presente administración s...

Ful tanımlama

Kaydedildi:
Detaylı Bibliyografya
Yazar: Torres Torres, Felipe
Diğer Yazarlar: Gasca Zamora, José
Materyal Türü: Metin
Konular:
Etiketler: Etiketle
Etiket eklenmemiş, İlk siz ekleyin!

MARC

LEADER 00000 a a2200000 04500
001 42454
003
040
100 |a Torres Torres, Felipe  
245 |a El plan Puebla-Panamá:   |b una perspectiva del desarrollo regional en el contexto de los procesos de la economía mundial /  |c Felipe Torres Torres ; José Gasca Zamora  
520 |a Se estudian los esquemas emergentes de política de desarrollo regional en México. El referente en este caso es el Plan Puebla-Panamá (PPP) que se considera una iniciativa para el desarrollo del Sur-Sureste de México y de articulación con las naciones centroamericanas. En la presente administración se establece que una forma de revertir los desequilibrios es insertando esas regiones rezagadas en los procesos globales mediante la creación de infraestructura, el redireccionamiento de la inversión y el fomento al aprovechamiento de recursos naturales como agua, biodiversidad y energéticos. En esa lógica se orienta la implantación del Ppáginas El artículo evalúa el impacto y el avance de una iniciativa de esta naturaleza sobre el desarrollo regional y los procesos de integración transterritoriales.  
650 |a DESARROLLO REGIONAL  
650 |a POLITICAS REGIONALES  
650 |a INTERVENCION DEL ESTADO  
650 |a NEOLIBERALISMO  
650 |a GLOBALIZACION  
650 |a LIBERALIZACION ECONOMICA  
650 |a INTEGRACION REGIONAL  
650 |a PAISES MENOS ADELANTADOS  
650 |a DISEÑO DE PROYECTOS  
650 |a CREACION DE INFRAESTRUCTURAS  
650 |a FINANCIAMIENTO  
700 |a Gasca Zamora, José  
773 |g volumen35, número138 ( , 2004), páginas 33-56  
999 |c 36898  |d 36898